Escrito sobre Severo : una relectura de Sarduy /
Radicado en Francia desde 1960 y alejado de su país debido a sus discrepancias con el régimen de Fidel Castro, el cubano Severo Sarduy (1937-1993) es considerado por la crítica como un escritor neobarroco. Las novelas Gestos (1963) y Cobra (1972), que supuso su reconocimiento internacional, así como...
Zapisane w:
| 1. autor: | |
|---|---|
| Format: | Książka |
| Język: | hiszpański |
| Wydane: |
Miami, EUA :
Universal,
1995, c1995
|
| Seria: | (Polymita)
|
| Hasła przedmiotowe: | |
| Etykiety: |
Nie ma etykietki, Dołącz pierwszą etykiete!
|
MARC
| LEADER | 00000nam^a2200000^a^4500 | ||
|---|---|---|---|
| 001 | 000153922 | ||
| 005 | 20250521000000.0 | ||
| 009 | 20260310100336.742 | ||
| 020 | |a 0-89729-764-4 | ||
| 037 | |a Acervo ITESO - Biblioteca | ||
| 041 | |a ESP | ||
| 082 | |a 860. 9729106 |b CAB | ||
| 100 | |a Cabanillas, Francisco |e (autor) | ||
| 245 | 1 | 0 | |a Escrito sobre Severo : |b una relectura de Sarduy / |c F. Cabanillas. |
| 264 | 4 | |a Miami, EUA : |b Universal, |c 1995, c1995 | |
| 300 | |a 105 p. | ||
| 336 | |a texto |b txt |2 rdacontenido | ||
| 337 | |a sin mediación |b n |2 rdamedio | ||
| 338 | |a volumen |b nc |2 rdasoporte | ||
| 440 | 1 | |a (Polymita) | |
| 520 | |a Radicado en Francia desde 1960 y alejado de su país debido a sus discrepancias con el régimen de Fidel Castro, el cubano Severo Sarduy (1937-1993) es considerado por la crítica como un escritor neobarroco. Las novelas Gestos (1963) y Cobra (1972), que supuso su reconocimiento internacional, así como el ensayo Barroco (1976) se cuentan entre sus obras más sobresalientes. Con creaciones que muestran una constante experimentación lingüística, y como seguidor de la narrativa de su compatriota José Lezama Lima, Sarduy es una de las figuras centrales del postboom latinoamericano y de la literatura de la posmodernidad; su obra se sustenta en las teorías estructuralistas, postestructuralistas y lacanianas del lenguaje, así como en la estética barroca, en búsqueda de la totalidad basada en la realidad y la tradición literarias latinoamericanas; su escritura, polisémica, transgrede la estructura narrativa y trata la realidad de forma mítica o simbólica, también transgresora. | ||
| 520 | |a En el presente estudio, Francisco Cabanillas ofrecer explicaciones e interpretaciones de gran parte de la obra de Sarduy desde la perspectiva neobarroca, con base en las propuestas estéticas del cubano. | ||
| 649 | |a XX | ||
| 650 | |a Escritores Cubanos | ||
| 650 | |a Literatura Cubana - |y Siglo XX | ||
| 650 | |a Literatura Cubana - |x Historia y Crítica | ||
| 650 | |a Sarduy, Severo - |x Tema Principal | ||
| 910 | |a Fondo General | ||
| 920 | |a Impresos - Libros | ||
| 930 | |a Colección General | ||
| 940 | |a Literatura | ||
| 905 | |a 101 | ||
| 901 | |a 0500085634 |b IT1 |c LIT |u 20250521 | ||
| 902 | |a https://opac.biblio.iteso.mx/vufind/Record/000153922 | ||